La province de Corse de A à Z - Statistiques

Statistiques générales
  • Ce quiz a été pris 18 fois
  • Le résultat moyen est 11 sur 26
Statistiques - réponses
Lettre Question Réponse % Correct
I Ce pays occupe la Corse de novembre 1942 à juin 1943 Italie
93%
F Ce pays occupe la Corse de 1553 à 1559 France
87%
G Ville d'Italie à laquelle la Corse appartient jusqu'en 1768 Gênes
87%
A Ville fondée par les Phocéens en 565 avant J.C. Aléria
73%
Y Surnommé le Berger de Cargèse, il a été condamné en 2007 pour terrorisme et est mort en prison Yvan Colonna
73%
D Hymne de la Corse indépendante (4 mots) Dio vi salvi Regina
67%
L On a trouvé dans ce golfe un trésor exceptionnel remontant au IIIe siècle Lava
67%
R Vers 230 avant J.C., l'île est conquise par les Romains
67%
N Région du centre de la Corse qui se révolte en 1774 Niolu
60%
P Cette ville italienne domine la Corse de 1077 à 1284 Pise
60%
B Antoine de Saint-Exupéry est parti de cette ville pour sa dernière mission Borgo
53%
W Footballeur né à Ajaccio en 1991 interntional tunisien Wahbi Khazri
47%
E Peuple qui chasse les 1ers habitants de l'île vers le VIe siècle avant J.C. Etrusques
33%
M Régime indépendant des grands états que connait la Corse de 1736 à 1740 Monarchie
33%
U Pape ayant cédé la Corse à une ville italienne en 1091 Urbain II
27%
C Ce peuple venu d'Afrique s'installe en Corse vers 280 avant J.C. Carthaginois
20%
H Père de Pascal Paoli fait marquis par le roi de Corse Théodore de Neuhoff Hyacinthe Paoli
20%
J Ecossais qui voyage en Corse en 1765 et fait connaitre la Corse dans toute l'Europe par ses récits (prénom et nom) James Boswell
20%
Z La région de ce village tente de résister à l'occupation française avec comme chef Frédéric de Neuhoff, neveu du roi de Corse Zicavo
20%
K Co-réalisateur du film Le jour le plus long tourné en 1961 partiellement en Corse Ken Annakin
13%
O En 1453, la Corse passe sous le contrôle d'une banque appelée (3 mots) Office de Saint-Georges
13%
X Actrice né à Ajaccio en 1881 Xavière de Leka | Xavière Colonna de Leca
13%
Q Le clergé de Corse refuse d'adopter ce texte qui proclame les libertés de l'Eglise de France depuis 1682 et connu sous le nom de Déclaration des ... (2 mots) Quatre articles
7%
S Ils débarquent en Corse en 453 avant J.C. Syracusains
7%
T Région du centre de la Corse qui se révolte en 1774 Talcini
7%
V Région du centre de la Corse qui se révolte en 1774 Vallersitia
7%
Aucun quiz correspondant
Distribution des résultats
% des personnes avec chaque résultat
Percentile par nombre de réponses
Votre historique - résultats
Vous n’avez pas pris ce quiz